Zákon o ochranných známkach, připravovaná novela, praktická doporučení.

Kritéria ochrannej známky a ciele označovania tovarov. Zákonné úpravy ochranných známok pre služby v medzinárodných zmluvách a ich aplikácia v ČSFR. Význam ochrany známky pre ochranu spotrebiteľa. Požiadavky na prihlasovateľa ochrannej známky. Poskytnutie ochrannej známky formou licenčnej zmluvy. Sp...

Descrizione completa

Salvato in:
Dettagli Bibliografici
Autore principale: Marek, K.
Natura: Capitolo di libro
Lingua:ceco
Soggetti:
Tags: Aggiungi Tag
Nessun Tag, puoi essere il primo ad aggiungerne!!

MARC

LEADER 00000naa a2200000 4500
001 r011143
005 20220831090724.2
041 0 |a cze 
044 |a [CS] 
245 1 0 |a Zákon o ochranných známkach, připravovaná novela, praktická doporučení.  |c K. Marek 
520 |a Kritéria ochrannej známky a ciele označovania tovarov. Zákonné úpravy ochranných známok pre služby v medzinárodných zmluvách a ich aplikácia v ČSFR. Význam ochrany známky pre ochranu spotrebiteľa. Požiadavky na prihlasovateľa ochrannej známky. Poskytnutie ochrannej známky formou licenčnej zmluvy. Spôsob prihlasovania ochrannej známky. 
610 2 0 |a známky ochranné 
610 2 0 |a zákony 
610 2 0 |a ČSFR 
610 2 0 |a právo priemyselné 
100 1 |a Marek, K.